000 00690nam a2200265Ia 4500
005 20260302114351.0
008 008 260114s9999 xx 000 0 eng d
020 _a9798881811198
037 _aTextbook
040 _aCRL
040 _beng
040 _cCRL
041 _2eng
041 _aeng
084 _qCRL
100 _aDimitris Apostolopoulos
_91118564
245 0 _aMerleau-Ponty’s Phenomenology of Language
260 _bBloomsbury
260 _bRowman & Littlefield
260 _c2019
650 _aPhilosophy
856 _uhttps://doi.org/10.5040/9798881811198?locatt=label:secondary_bloomsburyCollections
942 _cEBOOK
999 _c1682294
_d1682294